[Event "Titled Tuesday intern op 19th Dec Early"]
[Site "Chess.com INT"]
[Date "2023.12.19"]
[Round "8"]
[White "Nilsson, Joakim"]
[Black "Nigalidze, Gaioz"]
[Result "1-0"]
[WhiteElo "2158"]
[BlackElo "2373"]
[PlyCount "97"]
[EventDate "2023.12.19"]
[EventType "swiss (blitz)"]
[EventRounds "11"]
[EventCountry "USA"]
[SourceTitle "CB52_2023"]
[SourceDate "2023.12.27"]
[SourceVersion "1"]
[SourceVersionDate "2023.12.27"]
[SourceQuality "1"]

1. d4 Nf6 2. Nf3 d5 3. Bg5 e6 4. Nbd2 Be7 5. c3 h6 6. Bh4 b6 7. e3 Bb7 8. Ne5 Nfd7 9. Bxe7 Qxe7 10. f4 a6 11. Bd3 Nc6 12. 0-0 Ncxe5 13. fxe5 0-0-0 14. b4 f6 15. exf6 gxf6 16. Qe2 Nb8 17. e4 Rhg8 18. Rae1 Qg7 19. exd5 Bxd5 20. Be4 Kb7 21. Rf2 Nc6 22. a4 Qg4 23. Qxg4 Rxg4 24. Bxd5 Rxd5 25. Rxe6 f5 26. Rf6 Ne7 27. Rf7 Ng6 28. Nc4 Nf4 29. Ne3 Nh3+ 30. Kf1 Nxf2 31. Nxd5 Nd1 32. Rxc7+ Kb8 33. Rc6 Re4 34. Rxb6+ Ka7 35. Rc6 Nb2 36. b5 axb5 37. axb5 Nd3 38. g3 Re1+ 39. Kg2 Re2+ 40. Kf3 Rxh2 41. Rc7+ Kb8 42. Rf7 Ne1+ 43. Kf4 Rf2+ 44. Ke5 Rf3 45. Kd6 Rxg3 46. Nb4 Rg6+ 47. Kc5 f4 48. Nc6+ Kc8 49. Kb6 1-0

[Event "South Wales op 18th"]
[Site "Bridgend"]
[Date "2023.07.12"]
[Round "9"]
[White "Wells, Peter K"]
[Black "Nilsson, Joakim"]
[Result "1/2-1/2"]
[WhiteElo "2336"]
[BlackElo "2176"]
[PlyCount "112"]
[EventDate "2023.07.07"]
[EventType "swiss"]
[EventRounds "9"]
[EventCountry "WLS"]
[SourceTitle "CBM 215 Extra"]
[Source "ChessBase"]
[SourceDate "2023.09.30"]
[SourceVersion "1"]
[SourceVersionDate "2023.09.30"]
[SourceQuality "1"]

1. d4 d5 2. c4 e6 3. Nc3 Nf6 4. cxd5 exd5 5. Bg5 Be7 6. e3 c6 7. Bd3 Nbd7 8. Nge2 h6 9. Bh4 Nh5 10. Bxe7 Qxe7 11. Qd2 Nb6 12. f3 Be6 13. b3 a5 14. g4 Nf6 15. h4 a4 16. b4 Qxb4 17. Rb1 Qa5 18. Kf2 Nfd7 19. a3 Qa7 20. Nf4 Qb8 21. Nce2 Qd6 22. Qb4 Qxb4 23. Rxb4 Kd8 24. Nxe6+ fxe6 25. Nf4 Re8 26. g5 hxg5 27. hxg5 e5 28. dxe5 Rxe5 29. Rh8+ Kc7 30. Rxa8 Nxa8 31. Rxa4 Nab6 32. Rb4 Nc5 33. g6 Rg5 34. Bc2 Nc4 35. e4 Nxa3 36. exd5 cxd5 37. Bb3 Kc6 38. Ba2 b5 39. Rd4 Nc4 40. Rd1 b4 41. Rh1 Rf5 42. Nxd5 Ne4+ 43. Ke1 Rxd5 44. fxe4 Rd4 45. Rh7 Rxe4+ 46. Kf2 Ne5 47. Rxg7 Rg4 48. Bf7 Kd6 49. Rh7 Ke7 50. Ke3 Kf6 51. Rh1 Nxg6 52. Bxg6 Rxg6 53. Kd3 Ke5 54. Kc4 Rg4+ 55. Kb3 Kd5 56. Rc1 Ke5 1/2-1/2

[Event "South Wales op 18th"]
[Site "Bridgend"]
[Date "2023.07.07"]
[Round "1"]
[White "Wagner, Guenter"]
[Black "Nilsson, Joakim"]
[Result "1/2-1/2"]
[WhiteElo "1718"]
[BlackElo "2176"]
[PlyCount "88"]
[EventDate "2023.07.07"]
[EventType "swiss"]
[EventRounds "9"]
[EventCountry "WLS"]
[SourceTitle "CBM 215 Extra"]
[Source "ChessBase"]
[SourceDate "2023.09.30"]
[SourceVersion "1"]
[SourceVersionDate "2023.09.30"]
[SourceQuality "1"]

1. c4 Nf6 2. Nc3 c5 3. Nf3 Nc6 4. e3 e6 5. d4 d5 6. cxd5 exd5 7. Bb5 a6 8. Bxc6+ bxc6 9. 0-0 Be7 10. dxc5 0-0 11. b3 Bg4 12. Bb2 Bxc5 13. Rc1 Bd6 14. h3 Bh5 15. Ne2 Bxf3 16. gxf3 Qd7 17. Kg2 Rae8 18. Bxf6 gxf6 19. f4 Kh8 20. Rg1 Rg8+ 21. Kh2 Rxg1 22. Qxg1 Rg8 23. Qh1 Rg6 24. Qf3 a5 25. Rg1 Bc7 26. Ng3 c5 27. Ne2 Rxg1 28. Kxg1 Qe6 29. Ng3 d4 30. Nh5 Qd6 31. Qg3 Qf8 32. Kf1 a4 33. Qg4 Bd8 34. Qf5 dxe3 35. fxe3 Qd6 36. Ke2 axb3 37. axb3 Qa6+ 38. Qd3 Qa2+ 39. Kf3 Be7 40. Qd7 Qa8+ 41. Ke2 Qg2+ 42. Ke1 Qg1+ 43. Ke2 Qg2+ 44. Ke1 Qg1+ 1/2-1/2

[Event "Titled Tuesday intern op 02nd Aug Early"]
[Site "Chess.com INT"]
[Date "2022.08.02"]
[Round "2"]
[White "Petrova, Irina"]
[Black "Nilsson, Joakim"]
[Result "1-0"]
[WhiteElo "2127"]
[BlackElo "2194"]
[PlyCount "55"]
[EventDate "2022.08.02"]
[EventType "swiss (blitz)"]
[EventRounds "11"]
[EventCountry "USA"]
[SourceTitle "EXT 2023"]
[Source "ChessBase"]
[SourceDate "2022.10.05"]
[SourceVersion "1"]
[SourceVersionDate "2022.10.05"]
[SourceQuality "1"]

1. e4 e5 2. Nf3 Nc6 3. Bb5 Nf6 4. d3 Bc5 5. Nc3 0-0 6. Bg5 Be7 7. Ne2 d6 8. Ng3 Nb8 9. h3 c6 10. Bc4 d5 11. Bb3 dxe4 12. dxe4 Qa5+ 13. c3 Nbd7 14. 0-0 Nc5 15. Bc2 Qc7 16. Qe2 Ne6 17. Be3 Bc5 18. Nf5 Bxe3 19. fxe3 Nc5 20. Ng5 h6 21. Nxh6+ gxh6 22. Rxf6 hxg5 23. Qh5 Ne6 24. Rh6 Kg7 25. Rf1 Rg8 26. Rh7+ Kf8 27. Rfxf7+ Qxf7 28. Qxf7# 1-0

[Event "Titled Tuesday intern op 26th Jul Early"]
[Site "Chess.com INT"]
[Date "2022.07.26"]
[Round "11"]
[White "Nilsson, Joakim"]
[Black "Mikhailovsky, Vladimir"]
[Result "0-1"]
[WhiteElo "2213"]
[BlackElo "2215"]
[PlyCount "36"]
[EventDate "2022.07.26"]
[EventType "swiss (blitz)"]
[EventRounds "11"]
[EventCountry "USA"]
[SourceTitle "EXT 2023"]
[Source "ChessBase"]
[SourceDate "2022.10.05"]
[SourceVersion "1"]
[SourceVersionDate "2022.10.05"]
[SourceQuality "1"]

1. h4 a5 2. d4 d5 3. c4 dxc4 4. e3 e5 5. Bxc4 exd4 6. exd4 Nf6 7. Nf3 Bd6 8. Nc3 0-0 9. 0-0 h6 10. Qc2 Bg4 11. Ne5 Nc6 12. Nxc6 bxc6 13. Ne4 Nxe4 14. Qxe4 Qxh4 15. g3 Qh5 16. f3 Bxg3 17. Qc2 Bh3 18. Rd1 Rae8 0-1

[Event "Titled Tuesday intern op 26th Jul Early"]
[Site "Chess.com INT"]
[Date "2022.07.26"]
[Round "2"]
[White "Nilsson, Joakim"]
[Black "Polster, Christian"]
[Result "1-0"]
[WhiteElo "2213"]
[BlackElo "2236"]
[PlyCount "61"]
[EventDate "2022.07.26"]
[EventType "swiss (blitz)"]
[EventRounds "11"]
[EventCountry "USA"]
[SourceTitle "EXT 2023"]
[Source "ChessBase"]
[SourceDate "2022.10.05"]
[SourceVersion "1"]
[SourceVersionDate "2022.10.05"]
[SourceQuality "1"]

1. h4 d5 2. c4 d4 3. e3 c5 4. Nf3 Nc6 5. a3 e5 6. exd4 cxd4 7. Bd3 a5 8. Qe2 Bd6 9. c5 Bc7 10. Bb5 Qd5 11. Bc4 Qxc5 12. b4 Qe7 13. b5 Nb8 14. a4 Nd7 15. Ba3 Bd6 16. Bxd6 Qxd6 17. Ng5 Nh6 18. d3 0-0 19. Nd2 Nc5 20. Qf3 Qg6 21. Rc1 Bg4 22. Qg3 Rac8 23. 0-0 Kh8 24. Qxe5 f6 25. Qxd4 fxg5 26. hxg5 Qxg5 27. Bd5 Rcd8 28. Rxc5 b6 29. Ne4 Qh5 30. Rc7 Rxd5 31. Qxg7# 1-0

[Event "Titled Tuesday intern op 26th Jul Early"]
[Site "Chess.com INT"]
[Date "2022.07.26"]
[Round "9"]
[White "Piesik, Piotr"]
[Black "Nilsson, Joakim"]
[Result "0-1"]
[WhiteElo "2440"]
[BlackElo "2213"]
[PlyCount "94"]
[EventDate "2022.07.26"]
[EventType "swiss (blitz)"]
[EventRounds "11"]
[EventCountry "USA"]
[SourceTitle "EXT 2023"]
[Source "ChessBase"]
[SourceDate "2022.10.05"]
[SourceVersion "1"]
[SourceVersionDate "2022.10.05"]
[SourceQuality "1"]

1. Nf3 c6 2. g3 g6 3. Bg2 Bg7 4. 0-0 Nf6 5. d3 0-0 6. e4 d5 7. Nbd2 Bg4 8. h3 Bxf3 9. Qxf3 e6 10. Qe2 a5 11. e5 Nfd7 12. f4 a4 13. Nf3 a3 14. b3 f6 15. exf6 Qxf6 16. Rb1 e5 17. fxe5 Nxe5 18. Ng5 Qd6 19. Rxf8+ Bxf8 20. Bf4 Qc5+ 21. Kh2 Nf7 22. Nxf7 Kxf7 23. Re1 Qe7 24. Qd2 Qd7 25. Be5 Na6 26. d4 Kg8 27. h4 Re8 28. Bh3 Qf7 29. Rf1 Qe7 30. c3 Bg7 31. Bxg7 Kxg7 32. Rf2 Nc7 33. Bf1 Ne6 34. b4 Rf8 35. Bd3 Rxf2+ 36. Qxf2 b5 37. Qe1 Qf6 38. Kg2 g5 39. h5 g4 40. Qe2 Ng5 41. Qxg4 Kh6 42. Qe2 Qf7 43. g4 Qf4 44. Bf5 Qc1 45. Qc2 Qe3 46. Qf2 Qh3+ 47. Kg1 Nf3+ 0-1

[Event "Titled Tuesday intern op 26th Jul Early"]
[Site "Chess.com INT"]
[Date "2022.07.26"]
[Round "7"]
[White "Schwabeneder, Florian"]
[Black "Nilsson, Joakim"]
[Result "1-0"]
[WhiteElo "2430"]
[BlackElo "2213"]
[PlyCount "141"]
[EventDate "2022.07.26"]
[EventType "swiss (blitz)"]
[EventRounds "11"]
[EventCountry "USA"]
[SourceTitle "EXT 2023"]
[Source "ChessBase"]
[SourceDate "2022.10.05"]
[SourceVersion "1"]
[SourceVersionDate "2022.10.05"]
[SourceQuality "1"]

1. c4 c6 2. d4 Nf6 3. Nf3 g6 4. Nc3 d5 5. cxd5 cxd5 6. Bf4 a6 7. e3 Nc6 8. h3 Bg7 9. Be2 0-0 10. 0-0 e6 11. Rc1 Ne7 12. Na4 b5 13. Nc5 Nf5 14. Ne5 Nd6 15. b3 Nde4 16. Ncd3 Qa5 17. Nc6 Qa3 18. f3 Nd6 19. Nc5 Nb7 20. Ne7+ Kh8 21. Nxc8 Nxc5 22. Nb6 Ncd7 23. Nxa8 Rxa8 24. Qd2 Bf8 25. Rc7 Bb4 26. Qc2 Ba5 27. Rc6 Nh5 28. Bd6 Bb4 29. Rc8+ Rxc8 30. Qxc8+ Kg7 31. Bxb4 Qxb4 32. Qxd7 Qd2 33. Rf2 Ng3 34. Bf1 Qxe3 35. Qc7 Nxf1 36. Qe5+ Qxe5 37. dxe5 Ne3 38. Re2 Nf5 39. Rc2 Nd4 40. Rc7 a5 41. Kf2 b4 42. Rc5 g5 43. g3 f6 44. exf6+ Kxf6 45. Rxa5 h5 46. Ra8 Ke5 47. Rb8 Nc6 48. Rh8 d4 49. Rxh5 Kd5 50. Rxg5+ e5 51. h4 Nd8 52. h5 Ne6 53. Rg6 Nf8 54. Rf6 Nh7 55. Ra6 Ng5 56. h6 e4 57. fxe4+ Nxe4+ 58. Kf3 Ng5+ 59. Kf4 Nh7 60. Ra7 Nf8 61. h7 d3 62. Ke3 Nxh7 63. Rxh7 Kc5 64. Kd2 Kd4 65. Rh4+ Kd5 66. Rc4 Kd6 67. Kxd3 Ke5 68. Rf4 Ke6 69. Ke3 Ke5 70. g4 Kd6 71. g5 1-0

[Event "Titled Tuesday intern op 19th Jul Late"]
[Site "Chess.com INT"]
[Date "2022.07.19"]
[Round "1"]
[White "Nilsson, Joakim"]
[Black "Matinian, Nikita"]
[Result "0-1"]
[WhiteElo "2213"]
[BlackElo "2435"]
[PlyCount "126"]
[EventDate "2022.07.19"]
[EventType "swiss (blitz)"]
[EventRounds "11"]
[EventCountry "USA"]
[SourceTitle "EXT 2023"]
[Source "ChessBase"]
[SourceDate "2022.10.05"]
[SourceVersion "1"]
[SourceVersionDate "2022.10.05"]
[SourceQuality "1"]

1. d4 Nf6 2. Bf4 d5 3. e3 e6 4. Nc3 Bd6 5. Nf3 Bxf4 6. exf4 Nc6 7. Bd3 Ne7 8. Ne5 Ng6 9. g3 0-0 10. h4 c5 11. dxc5 Nxe5 12. fxe5 Nd7 13. Qe2 Nxc5 14. 0-0-0 Nxd3+ 15. Qxd3 Bd7 16. f4 Rc8 17. f5 Qa5 18. Qe3 Kh8 19. f6 gxf6 20. Qh6 Qd8 21. Ne4 Rg8 22. Nd6 Qe7 23. Nxc8 Bxc8 24. exf6 Qb4 25. Rhf1 Qa5 26. Kb1 e5 27. Qh5 Qc7 28. Rxd5 Be6 29. Rdd1 e4 30. Qe2 Bg4 31. Qxe4 Bxd1 32. Rxd1 Qxg3 33. Qxb7 Qd6 34. Qf3 Qb4 35. h5 a5 36. a3 Qb5 37. Qe3 Qxh5 38. Rg1 Rc8 39. Qg3 Qg6 40. Qf2 Qe4 41. Qg3 Qxc2+ 42. Ka1 Qg6 43. Qf2 Qh6 44. Qf3 a4 45. Qf1 Qh2 46. Rh1 Qg3 47. Rg1 Qe5 48. Rh1 Rb8 49. Qb1 h5 50. Rf1 Rb6 51. Rf5 Qe2 52. Rf1 Rxb2 53. Re1 Rxb1+ 54. Rxb1 Qe5+ 55. Ka2 Qxf6 56. Rb2 h4 57. Rb1 h3 58. Rh1 Qf2+ 59. Ka1 Qg2 60. Rb1 h2 61. Rb2 h1Q+ 62. Ka2 Qd5+ 63. Rb3 Qxb3# 0-1

[Event "South Wales op 17th"]
[Site "Bridgend"]
[Date "2022.07.12"]
[Round "9"]
[White "Nilsson, Joakim"]
[Black "Smith, Olivia"]
[Result "1/2-1/2"]
[WhiteElo "2213"]
[BlackElo "2038"]
[PlyCount "89"]
[EventDate "2022.07.07"]
[EventType "swiss"]
[EventRounds "9"]
[EventCountry "WLS"]
[SourceTitle "CBM 209 Extra"]
[Source "ChessBase"]
[SourceDate "2022.09.30"]
[SourceVersion "1"]
[SourceVersionDate "2022.09.30"]
[SourceQuality "1"]

1. Nf3 Nf6 2. d4 c5 3. d5 g6 4. Nc3 Bg7 5. e4 d6 6. Be2 0-0 7. 0-0 a6 8. a4 b6 9. Nd2 e6 10. Nc4 Ne8 11. f4 Nd7 12. Kh1 e5 13. f5 Bb7 14. fxg6 fxg6 15. Bg4 Rxf1+ 16. Qxf1 Nf8 17. Be3 Bc8 18. Bxc8 Rxc8 19. Qf2 Rc7 20. Qd2 Rf7 21. Ne2 Qc7 22. b4 Nf6 23. Ng3 Ng4 24. bxc5 bxc5 25. Rf1 Rxf1+ 26. Nxf1 Nd7 27. h3 Nxe3 28. Qxe3 Nf6 29. Nfd2 Nh5 30. g3 Qd7 31. Kg2 h6 32. Qb3 Kh7 33. a5 Nf6 34. Qd3 h5 35. Nb6 Qb7 36. Ndc4 Bf8 37. Qf3 Kg7 38. g4 hxg4 39. hxg4 Qf7 40. Nd2 Be7 41. Nbc4 Ne8 42. Qxf7+ Kxf7 43. Nb6 Bd8 44. Ndc4 Ke7 45. Kf3 1/2-1/2

[Event "South Wales op 17th"]
[Site "Bridgend"]
[Date "2022.07.11"]
[Round "7"]
[White "Nilsson, Joakim"]
[Black "Arkell, Keith C"]
[Result "0-1"]
[WhiteElo "2213"]
[BlackElo "2400"]
[PlyCount "178"]
[EventDate "2022.07.07"]
[EventType "swiss"]
[EventRounds "9"]
[EventCountry "WLS"]
[SourceTitle "CBM 209 Extra"]
[Source "ChessBase"]
[SourceDate "2022.09.30"]
[SourceVersion "1"]
[SourceVersionDate "2022.09.30"]
[SourceQuality "1"]

1. d4 Nf6 2. c4 e6 3. g3 c5 4. d5 exd5 5. cxd5 d6 6. Nc3 g6 7. Bg2 Bg7 8. Nf3 0-0 9. 0-0 Na6 10. Nd2 Nc7 11. a4 b6 12. Nc4 Ba6 13. Na3 Qd7 14. Re1 Rfe8 15. h3 Re7 16. Qb3 Qe8 17. Bf4 Rd8 18. Nab5 Nxb5 19. axb5 Bc8 20. Ra4 Nh5 21. Bg5 f6 22. Bd2 f5 23. Bg5 Bf6 24. Bxf6 Nxf6 25. Rea1 Qf7 26. Qa2 Rdd7 27. e3 Rc7 28. Qc4 Nd7 29. Qh4 Ne5 30. e4 Nd3 31. exf5 gxf5 32. Qg5+ Qg6 33. Qd2 c4 34. b3 Nc5 35. bxc4 Nxa4 36. Rxa4 Qf6 37. Ne2 Bd7 38. Bf3 a5 39. Qf4 Rc8 40. Nd4 Re1+ 41. Kg2 Qe5 42. Qh4 Re8 43. Ne6 Bxe6 44. dxe6 Kh8 45. Bd5 f4 46. Ra3 Rg8 47. e7 Qg5 48. Bxg8 Qxh4 49. gxh4 Kxg8 50. Rd3 Rxe7 51. Rxd6 Rb7 52. Kf3 Kf7 53. Kxf4 a4 54. Ke5 a3 55. Rd2 Rc7 56. Rc2 Ke7 57. Kd5 Rc5+ 58. Kd4 Rh5 59. Ra2 Kd6 60. Rxa3 Rxh4+ 61. Kc3 Kc5 62. Ra4 Rxh3+ 63. Kd2 h5 64. Ke2 Rc3 65. Ra8 Rxc4 66. Rf8 Kxb5 67. Kd3 h4 68. f4 h3 69. Rh8 Rxf4 70. Rxh3 Rc4 71. Rh1 Kc5 72. Rh8 Kb4 73. Rh1 Rc3+ 74. Kd2 b5 75. Rb1+ Rb3 76. Rc1 Rb2+ 77. Kd3 Kb3 78. Rc3+ Ka4 79. Rc8 b4 80. Rc7 Kb3 81. Rc1 Rh2 82. Rb1+ Ka3 83. Kc4 Rc2+ 84. Kd3 b3 85. Ra1+ Kb2 86. Ra7 Rc3+ 87. Kd2 Rc8 88. Rd7 Kb1 89. Ra7 b2 0-1

[Event "Titled Tuesday intern op 28th Jun Late"]
[Site "Chess.com INT"]
[Date "2022.06.28"]
[Round "5"]
[White "Tologontegin, Semetey"]
[Black "Nilsson, Joakim"]
[Result "1-0"]
[WhiteElo "2378"]
[BlackElo "2233"]
[PlyCount "93"]
[EventDate "2022.06.28"]
[EventType "swiss (blitz)"]
[EventRounds "11"]
[EventCountry "USA"]
[SourceTitle "CBM 209 Extra"]
[Source "ChessBase"]
[SourceDate "2022.09.30"]
[SourceVersion "1"]
[SourceVersionDate "2022.09.30"]
[SourceQuality "1"]

1. Nf3 c5 2. g3 d5 3. Bg2 Nc6 4. d3 e5 5. Nbd2 Be7 6. e4 d4 7. 0-0 Nf6 8. Nh4 0-0 9. Nf5 Ne8 10. f4 f6 11. a4 Nd6 12. Nxd6 Bxd6 13. Nc4 Qe7 14. Bd2 b6 15. f5 Bc7 16. g4 Bd7 17. h4 a6 18. g5 b5 19. axb5 axb5 20. Na3 Nb4 21. g6 h6 22. Rf3 Ra6 23. Rg3 Rfa8 24. Rc1 Na2 25. Rb1 c4 26. dxc4 bxc4 27. Nxc4 Qc5 28. b3 Nc3 29. Bxc3 dxc3+ 30. Kh2 Rd8 31. Rd3 Qe7 32. Ne3 Bc6 33. Nd5 Bxd5 34. Rxd5 Rad6 35. Rxd6 Rxd6 36. Qe2 Rd2 37. Qc4+ Kh8 38. Qxc3 Qd6 39. Ra1 Qd8 40. Ra7 Bb6 41. Rb7 Rd1 42. Qb4 Rd6 43. Qb5 h5 44. Qe2 Kg8 45. Qxh5 Kf8 46. Qh7 Ke8 47. Qg8# 1-0

[Event "Uppsala 06"]
[Site "Uppsala"]
[Date "2022.06.18"]
[Round "8"]
[White "Larkin, Vladislav"]
[Black "Nilsson, Joakim"]
[Result "1-0"]
[WhiteElo "2430"]
[BlackElo "2233"]
[PlyCount "83"]
[EventDate "2022.06.13"]
[EventType "tourn"]
[EventRounds "9"]
[EventCountry "SWE"]
[EventCategory "6"]
[SourceTitle "CBM 208 Extra"]
[Source "ChessBase"]
[SourceDate "2022.07.31"]
[SourceVersion "1"]
[SourceVersionDate "2022.07.31"]
[SourceQuality "1"]

1. c4 e6 2. Nf3 d5 3. g3 Nf6 4. Bg2 dxc4 5. Qa4+ Bd7 6. Qxc4 c5 7. Ne5 Qc8 8. Qd3 Nc6 9. Nxd7 Nxd7 10. Nc3 Be7 11. 0-0 0-0 12. b3 Rd8 13. Qc2 Nf6 14. Bb2 Qd7 15. d3 Rac8 16. Rac1 b6 17. Rfd1 Nd4 18. Qd2 Bf8 19. e3 Nc6 20. Qe2 Qe8 21. g4 Nd5 22. g5 Bd6 23. h4 Be5 24. Ne4 Bxb2 25. Qxb2 Qe7 26. a3 f5 27. gxf6 gxf6 28. Kh1 Kh8 29. Rg1 Rg8 30. Bh3 Ne5 31. Qe2 Nf7 32. f4 Nd6 33. Ng3 Rcf8 34. Qf2 e5 35. Qf3 exf4 36. exf4 Qf7 37. Rce1 Re8 38. Rxe8 Rxe8 39. Ne4 Qe7 40. Nxd6 Qxd6 41. Qg2 Qc7 42. Be6 1-0

[Event "Uppsala 06"]
[Site "Uppsala"]
[Date "2022.06.17"]
[Round "6"]
[White "Falkevall, Axel"]
[Black "Nilsson, Joakim"]
[Result "1/2-1/2"]
[WhiteElo "2302"]
[BlackElo "2233"]
[PlyCount "150"]
[EventDate "2022.06.13"]
[EventType "tourn"]
[EventRounds "9"]
[EventCountry "SWE"]
[EventCategory "6"]
[SourceTitle "CBM 208 Extra"]
[Source "ChessBase"]
[SourceDate "2022.07.31"]
[SourceVersion "1"]
[SourceVersionDate "2022.07.31"]
[SourceQuality "1"]

1. e4 c5 2. c3 d5 3. exd5 Qxd5 4. d4 Nf6 5. Nf3 Bg4 6. dxc5 Qxc5 7. h3 Bh5 8. Na3 e6 9. Be3 Qc8 10. Nb5 Bxf3 11. Qxf3 Nc6 12. Nd4 Be7 13. Nxc6 bxc6 14. Bd3 0-0 15. 0-0 Qb7 16. Rab1 Rfd8 17. Qe2 Rd7 18. c4 Rad8 19. Rfd1 Qa6 20. b3 Qa5 21. Bc2 Bc5 22. Bf4 Rxd1+ 23. Rxd1 Rxd1+ 24. Bxd1 Bd4 25. Kf1 Qf5 26. Be3 Bxe3 27. Qxe3 c5 28. Qd2 g6 29. Bf3 Qb1+ 30. Ke2 Kg7 31. Bc6 h5 32. Qa5 Qc2+ 33. Qd2 Qf5 34. Qd3 Qe5+ 35. Qe3 Qd6 36. Bf3 Nd7 37. Qc3+ Kg8 38. Qd2 Qe5+ 39. Qe3 Qa1 40. Qd2 Ne5 41. Be4 f5 42. Bb7 Nf7 43. f4 Kg7 44. Kf2 Kf6 45. a4 h4 46. Qe3 Qb2+ 47. Kg1 Qa1+ 48. Kf2 Qb2+ 49. Kg1 e5 50. fxe5+ Qxe5 51. Qd2 Nd6 52. Bd5 g5 53. b4 cxb4 54. Qxb4 g4 55. hxg4 fxg4 56. Qb1 g3 57. Qc1 Nf5 58. Bf3 Qe3+ 59. Qxe3 Nxe3 60. c5 Ke6 61. Be4 a5 62. Bb7 Ke5 63. Bf3 Ke6 64. Bb7 Nd5 65. Kf1 Nf4 66. Bf3 Nd3 67. c6 Ne5 68. Be4 Kd6 69. Ke2 Nxc6 70. Kf3 Nd4+ 71. Kg4 Ke5 72. Bb7 Nf5 73. Bc8 Ne3+ 74. Kxh4 Nxg2+ 75. Kxg3 Ne3 1/2-1/2